[Event "British Chess Championships 2023: First Rapidplay Open"]
[Site "The Venue, De Montfort University, 20 Western Boulevard, Leicester, LE2 7BU"]
[Date "2023.07.21"]
[Round "3"]
[Board "21"]
[White "Pradhan, Ayan"]
[Black "Brewer, Callum D"]
[Result "0-1"]
[WhiteElo "1521"]
[BlackElo "2071"]
[PlyCount "0"]
[EventDate "2023.07.21"]
[EventRounds "7"]
[EventCountry "ENG"]

1. e4 c6 2. d4 d5 3. e5 Bf5 4. h4 h5 5. Bd3 Bxd3 6. Qxd3 Qa5+ 7. Bd2 Qa6 8. Qxa6
Nxa6 9. f4 e6 10. Nf3 Nh6 11. a3 c5 12. Nc3 Nf5 13. Nb5 Be7 14. c3 O-O 15. a4 cxd4
16. Nbxd4 Ng3 17. Rh3 Ne4 18. Ng5 Bxg5 19. hxg5 g6 20. Ke2 Kg7 21. Be3 Nac5 22. Nc2
Rfc8 23. Bxc5 Rxc5 24. Nd4 Rc4 25. Rf3 a6 26. Nb3 Rc7 27. Nd4 Rb8 28. Nb3 b5 29.
Nd2 bxa4 30. Ra2 Rcb7 31. Rxa4 Rxb2 32. Rd3 Rxd2+ 33. Rxd2 Nxc3+ 34. Ke3 Nxa4 35.
Ra2 Rb3+ 36. Kd4 Rb4+ 37. Ke3 d4+ 38. Kd3 Nc5+ 39. Kd2 d3 40. Ra5 Rb2+ 41. Kd1 Ne4
42. Ra1 d2 43. Ke2 Nc3+ 44. Kd3 d1=Q+ 45. Rxd1 Nxd1  0-1

[Event "British Chess Championships 2023: First Rapidplay Open"]
[Site "The Venue, De Montfort University, 20 Western Boulevard, Leicester, LE2 7BU"]
[Date "2023.07.21"]
[Round "3"]
[Board "22"]
[White "Bartram, William"]
[Black "Venn, Hiren"]
[Result "1-0"]
[WhiteElo "1932"]
[BlackElo "1795"]
[PlyCount "0"]
[EventDate "2023.07.21"]
[EventRounds "7"]
[EventCountry "ENG"]

1. e4 c6 2. d4 d5 3. Nc3 dxe4 4. Nxe4 Nf6 5. Nxf6+ exf6 6. Bc4 Bd6 7. Ne2 O-O 8.
O-O Nd7 9. c3 Re8 10. Bf4 Nb6 11. Bb3 Bg4 12. f3 Bf5 13. Bxd6 Qxd6 14. Ng3 Bg6 15.
Qd2 c5 16. f4 c4 17. f5 cxb3 18. fxg6 hxg6 19. axb3 Re7 20. Kh1 a6 21. Rae1 Rae8
22. Qf2 Nd5 23. Rxe7 Rxe7 24. Re1 Rxe1+ 25. Qxe1 Qe6 26. Qf2 f5 27. h3 f4 28. Ne2
g5 29. c4 Ne3 30. d5 Qb6 31. Nc1 Kf8 32. Qd2 Ke7 33. Qd3 Qb4 34. Qe4+ Kd6 35. Nd3
Nd1 36. Qe5+  1-0

[Event "British Chess Championships 2023: First Rapidplay Open"]
[Site "The Venue, De Montfort University, 20 Western Boulevard, Leicester, LE2 7BU"]
[Date "2023.07.21"]
[Round "3"]
[Board "23"]
[White "Godwin, Mark"]
[Black "Sasikumar, Srivathsan"]
[Result "1/2-1/2"]
[WhiteElo "1839"]
[BlackElo "1787"]
[PlyCount "0"]
[EventDate "2023.07.21"]
[EventRounds "7"]
[EventCountry "ENG"]

1. e4 c5 2. Nf3 Nc6 3. d4 cxd4 4. Nxd4 g6 5. Be3 Bg7 6. Be2 Nf6 7. Nc3 O-O 8. O-O
d5 9. exd5 Nxd5 10. Nxd5 Qxd5 11. Bf3 Qd7 12. Nxc6 bxc6 13. c3 Qc7 14. Qa4 Bb7 15.
Rad1 a5 16. h3 Rfd8 17. Bc5 Ba6 18. Rfe1 Bb5 19. Qe4 e5 20. c4 f5 21. Qe3 Rxd1 22.
Rxd1 Bxc4 23. Bd6 Qb7 24. Bxe5 Bd5 25. Bxg7 Kxg7 26. Qe5+ Kg8 27. Bxd5+ cxd5 28.
Qxd5+ Qxd5 29. Rxd5 Kf7 30. a4 Ke6 31. Rb5 Ra7 32. f4 Kd6 33. Kf2 Ke6 34. Kf3 Kd6
35. g4 fxg4+ 36. hxg4 Ke6 37. f5+ gxf5 38. gxf5+ Kf6 39. Kf4 Kf7 40. Kg5 Kg7 41.
Rb6 Rc7 42. Rb5 Ra7 43. f6+ Kf7 44. Kf5 h6 45. Rb6 Rc7 46. Rb5 Ra7 47. b4 axb4 48.
Rxb4 Ra5+ 49. Rb5 Rxa4 50. Rb7+ Kf8 51. Kg6 Rg4+ 52. Kxh6 Rg1 53. Rb6 Kf7 54. Kh5
Rg2 55. Kh4 Rg1 56. Kh5 Rg2 57. Kh4 Rg1 58. Kh3 Rg6  1/2-1/2

[Event "British Chess Championships 2023: First Rapidplay Open"]
[Site "The Venue, De Montfort University, 20 Western Boulevard, Leicester, LE2 7BU"]
[Date "2023.07.21"]
[Round "3"]
[Board "24"]
[White "Reid, Patrick D"]
[Black "Thornley, Oliver"]
[Result "1-0"]
[WhiteElo "1831"]
[BlackElo "1759"]
[PlyCount "0"]
[EventDate "2023.07.21"]
[EventRounds "7"]
[EventCountry "ENG"]

1. d4 f5 2. Bg5 Nf6 3. Bxf6 exf6 4. c4 d5 5. Nc3 Be6 6. e3 c6 7. cxd5 Bxd5 8. Nge2
Bb4 9. a3 Ba5 10. b4 Bc7 11. Qc2 g6 12. Rc1 O-O 13. h4 f4 14. e4 Bc4 15. h5 g5 16.
h6 Qe7 17. Ng3 Bxf1 18. Nf5 Qd7 19. Kxf1 Bb6 20. Rd1 Na6 21. Rh3 Rad8 22. Rhd3 Rfe8
23. d5 Qc7 24. d6 Qd7 25. f3 Qf7 26. Ne2 Qh5 27. Rd4 Bxd4 28. Rxd4 g4 29. Nxf4 Qh1+
30. Kf2 Qh2 31. Qc1 Kh8 32. d7 Rg8 33. Rd1 gxf3 34. Kxf3  1-0

[Event "British Chess Championships 2023: First Rapidplay Open"]
[Site "The Venue, De Montfort University, 20 Western Boulevard, Leicester, LE2 7BU"]
[Date "2023.07.21"]
[Round "4"]
[Board "1"]
[White "Han, Yichen"]
[Black "Dong, Bao Nghia"]
[Result "1-0"]
[WhiteElo "2530"]
[BlackElo "2351"]
[PlyCount "0"]
[EventDate "2023.07.21"]
[EventRounds "7"]
[EventCountry "ENG"]

1. e4 e6 2. d4 d5 3. Nc3 Bb4 4. e5 c5 5. a3 Bxc3+ 6. bxc3 Ne7 7. Qg4 Qc7 8. Qxg7
Rg8 9. Qxh7 cxd4 10. Ne2 Nbc6 11. f4 dxc3 12. Qd3 d4 13. Nxd4 Nxd4 14. Qxd4 Nf5 15.
Bb5+ Bd7 16. Bxd7+ Qxd7 17. Qxd7+ Kxd7 18. Kf2 Kc6 19. a4 Kd5 20. Rd1+ Kc4 21. Rd7
Rac8 22. Rxb7 Nd4 23. Ra2 a5 24. Be3 Rgd8 25. Bxd4 Rxd4 26. Kf3 Rd1 27. Rxf7 Rf1+
28. Ke2 Rg1 29. Rg7 Rd8 30. Kf3 Rd2 31. h4 Rf1+ 32. Kg3 Rff2 33. Kh3 Rxf4 34. h5
Rf5 35. g4 Rff2 36. Kh4 Rde2 37. Rc7+ Kd4 38. Rd7+ Kxe5 39. Kg5 Re4 40. Ra7 Rg2 41.
Rxa5+ Kd4 42. Ra8 Rgxg4+ 43. Kf6 Rgf4+ 44. Ke7 Rh4 45. Rd8+ Kc4 46. a5 Kb5 47. a6
Ra4 48. Rxa4 Rxa4 49. h6 Rxa6 50. h7 Ra7+ 51. Rd7 Ra8 52. Kxe6 Kb4 53. Kf6 Ka3 54.
Rb7  1-0

[Event "British Chess Championships 2023: First Rapidplay Open"]
[Site "The Venue, De Montfort University, 20 Western Boulevard, Leicester, LE2 7BU"]
[Date "2023.07.21"]
[Round "4"]
[Board "2"]
[White "Matlak, Oleksandr"]
[Black "Ledger, Andrew J"]
[Result "0-1"]
[WhiteElo "2155"]
[BlackElo "2378"]
[PlyCount "0"]
[EventDate "2023.07.21"]
[EventRounds "7"]
[EventCountry "ENG"]

1. c4 e5 2. Nc3 Nc6 3. Nf3 Nf6 4. g3 Bb4 5. Bg2 O-O 6. O-O Re8 7. d3 h6 8. Bd2 a5
9. a3 Bxc3 10. Bxc3 a4 11. Nd2 d6 12. Ne4 Nxe4 13. Bxe4 Bh3 14. Re1 Qd7 15. Rb1 Ra7
16. e3 Nd8 17. d4 Bf5 18. Qd3 Bxe4 19. Qxe4 Nc6 20. dxe5 Nxe5 21. Rbd1 Qc6 22. Qxc6
bxc6 23. Bxe5 Rxe5 24. Rd4 Rc5 25. Re2 Rb7 26. f4 f6 27. Kf2 Kf7 28. g4 h5 29. h3
Kg6 30. Red2 Rb3 31. Kf3 Ra5 32. R4d3 Rxd3 33. Rxd3 Ra8 34. c5 d5 35. Rd4 Ra5 36.
Rb4 h4 37. Rd4 Kf7 38. f5 Ke7 39. Kf4 Rxc5 40. Rxa4 Rc2 41. b4 Rf2#  0-1

[Event "British Chess Championships 2023: First Rapidplay Open"]
[Site "The Venue, De Montfort University, 20 Western Boulevard, Leicester, LE2 7BU"]
[Date "2023.07.21"]
[Round "4"]
[Board "3"]
[White "Subramanian, Anusha"]
[Black "Tozer, Philip Aa"]
[Result "1-0"]
[WhiteElo "1808"]
[BlackElo "2036"]
[PlyCount "0"]
[EventDate "2023.07.21"]
[EventRounds "7"]
[EventCountry "ENG"]

1. e4 e6 2. d4 d5 3. exd5 exd5 4. Nf3 Nf6 5. Bd3 c5 6. dxc5 Bxc5 7. O-O O-O 8. Bg5
Bg4 9. Nbd2 Nc6 10. c3 Be7 11. Qc2 h6 12. Bh4 Rc8 13. Bf5 Bxf5 14. Qxf5 d4 15. cxd4
Nxd4 16. Nxd4 Qxd4 17. Nf3 Qd5 18. Qh3 g5 19. Rfe1 g4 20. Qg3 Qd6 21. Ne5 Kh8 22.
Bxf6+ Qxf6 23. Nd7 Qg5 24. Nxf8 Bxf8 25. Rad1 Bg7 26. Qb3 Qf4 27. Qxb7 Rc2 28. Qxa7
Rxb2 29. a4 Rb4 30. Qa8+ Kh7 31. a5 Bd4 32. Re2 Ra4 33. a6 Kg7 34. Qc6 Ra5 35. Rc2
Rf5 36. Rf1 g3 37. hxg3 Qxg3 38. Qe4 Rf4 39. Qxd4+  1-0

[Event "British Chess Championships 2023: First Rapidplay Open"]
[Site "The Venue, De Montfort University, 20 Western Boulevard, Leicester, LE2 7BU"]
[Date "2023.07.21"]
[Round "4"]
[Board "4"]
[White "Poulton, James R"]
[Black "Buanne, Luca"]
[Result "1-0"]
[WhiteElo "2304"]
[BlackElo "2000"]
[PlyCount "0"]
[EventDate "2023.07.21"]
[EventRounds "7"]
[EventCountry "ENG"]

1. d4 Nf6 2. c4 e6 3. Nf3 Bb4+ 4. Nbd2 O-O 5. a3 Be7 6. e4 d6 7. Bd3 Nbd7 8. O-O
e5 9. d5 Nc5 10. Bc2 a5 11. b3 Bg4 12. Bb2 Ncxe4 13. Nxe4 Nxe4 14. Bxe4 f5 15. Bc2
e4 16. h3 exf3 17. hxg4 fxg4 18. Qd3 g6 19. Rae1 Bf6 20. Bxf6 Qxf6 21. Re4 Qg5 22.
Qd4 g3 23. fxg3 fxg2 24. Rxf8+ Rxf8 25. Kxg2 Qf5 26. Bd3 Qf3+ 27. Kh2 Qh5+ 28. Rh4
Qd1 29. Rxh7 Rf2+ 30. Qxf2 Kxh7 31. Qf7+ Kh8 32. Qxg6  1-0

[Event "British Chess Championships 2023: First Rapidplay Open"]
[Site "The Venue, De Montfort University, 20 Western Boulevard, Leicester, LE2 7BU"]
[Date "2023.07.21"]
[Round "4"]
[Board "5"]
[White "Raju, Sooraj Menothuparambil"]
[Black "Kothari, Jai"]
[Result "1-0"]
[WhiteElo "2237"]
[BlackElo "1966"]
[PlyCount "0"]
[EventDate "2023.07.21"]
[EventRounds "7"]
[EventCountry "ENG"]

1. e4 e5 2. Nf3 Nc6 3. d4 exd4 4. Bc4 Nf6 5. e5 d5 6. Bb5 Ne4 7. Nxd4 Bd7 8. Bxc6
bxc6 9. O-O Bc5 10. Be3 O-O 11. f3 Ng5 12. f4 Ne4 13. Nd2 Nxd2 14. Qxd2 Qe7 15. Rae1
Bb6 16. f5 Qxe5 17. Nxc6 Bxc6 18. Bxb6 Qd6 19. f6 Rfe8 20. Qg5 g6 21. Re7 Rxe7 22.
Qh6 Qxf6 23. Rxf6 Bb5 24. Bd4 c5 25. Rb6 cxd4 26. Rxb5 Rae8 27. h3 Re1+ 28. Kh2 R1e2
29. Rxd5 Rxc2 30. Rxd4 Rxb2 31. Rh4 Ree2 32. Qxh7+ Kf8 33. Qh6+ Ke8 34. Qg5 Kd7 35.
Rd4+ Ke6 36. Qd5+ Kf6 37. Rf4+ Kg7 38. Qxf7+ Kh6 39. Rh4+ Kg5 40. Qf4#  1-0

[Event "British Chess Championships 2023: First Rapidplay Open"]
[Site "The Venue, De Montfort University, 20 Western Boulevard, Leicester, LE2 7BU"]
[Date "2023.07.21"]
[Round "4"]
[Board "6"]
[White "Dougherty, Michael"]
[Black "Honarvarmahalati, Hooman"]
[Result "1/2-1/2"]
[WhiteElo "2167"]
[BlackElo "1862"]
[PlyCount "0"]
[EventDate "2023.07.21"]
[EventRounds "7"]
[EventCountry "ENG"]

1. d4 Nf6 2. Nf3 d5 3. c4 e6 4. Nc3 a6 5. cxd5 exd5 6. Bg5 Be7 7. e3 Nbd7 8. Qc2
b6 9. Ne5 Bb7 10. f4 Rc8 11. Bd3 c5 12. O-O h6 13. Bh4 b5 14. Bf5 Rc7 15. Bxd7+ Nxd7
16. Bxe7 Qxe7 17. Qb3 Nb6 18. dxc5 Qxc5 19. Ne2 Nc4 20. Nd4 Nd2 21. Qd3 Nxf1 22.
Rxf1 O-O 23. h3 Qe7 24. Rf3 Rc1+ 25. Kh2 Qh4 26. Rg3 Bc8 27. Ne2 Rc7 28. Qxd5 Be6
29. Qd4 Qd8 30. Qb4 Qe7 31. Qxe7 Rxe7 32. a3 Rc7 33. Nd4 Bd5 34. Nf5 f6 35. Ng6 Re8
36. Nxh6+ gxh6 37. Ne7+ Kf7 38. Nxd5 Rc2 39. f5 Re5 40. e4 Rxe4 41. Rg6 Rc6 42. Nb4
Rd6 43. Rxh6 a5 44. Na2 Rd2 45. Nc3 Re5 46. b4 axb4 47. axb4 Rxf5 48. Rh7+ Kg6 49.
Re7 Rg5 50. Re2 Rxe2 51. Nxe2 Kf7 52. g4 Rd5 53. Kg3 Rd2 54. Kf3 Rb2 55. h4 Rb3+
56. Ke4 Rxb4+ 57. Nd4 Rb1 58. g5 fxg5 59. hxg5 b4 60. Kd3 Kg6 61. Kc4  1/2-1/2

[Event "British Chess Championships 2023: First Rapidplay Open"]
[Site "The Venue, De Montfort University, 20 Western Boulevard, Leicester, LE2 7BU"]
[Date "2023.07.21"]
[Round "4"]
[Board "7"]
[White "Fellowes, Billy"]
[Black "Ledger, Stephen C"]
[Result "1-0"]
[WhiteElo "1941"]
[BlackElo "2097"]
[PlyCount "0"]
[EventDate "2023.07.21"]
[EventRounds "7"]
[EventCountry "ENG"]

1. e4 c5 2. Nf3 Nc6 3. Bb5 e6 4. Bxc6 bxc6 5. O-O Ne7 6. Nc3 Ng6 7. b3 Be7 8. Bb2
O-O 9. Ne2 d5 10. d3 Ba6 11. Re1 Rb8 12. Ng3 c4 13. dxc4 dxc4 14. Nh5 f6 15. Nd4
Qd6 16. Qg4 Bc8 17. Rad1 c5 18. Nf3 Qc7 19. e5 f5 20. Qxc4 Rb6 21. Qe2 Bb7 22. c4
Be4 23. Ng3 Bxf3 24. Qxf3 a5 25. Rd3 a4 26. Nh5 Rfb8 27. Red1 axb3 28. axb3 Qb7 29.
Qe2 Rxb3 30. Bc1 Rxd3 31. Rxd3 Qe4 32. Re3 Qd4 33. g3 Bg5 34. f4 Bd8 35. Kg2 Ba5
36. Rd3 Qe4+ 37. Qxe4 fxe4 38. Rd7 Rb1 39. Rxg7+ Kf8 40. Be3 Bb4 41. Rxh7 Ne7 42.
Nf6 Nf5 43. Nd7+ Kg8 44. Nf6+ Kf8 45. Rh8+ Kg7 46. Rh7+ Kf8 47. Ng4 Rb2+ 48. Kh3
Rb3 49. Bg1 e3 50. Nxe3 Nxe3 51. Bxe3 Rxe3 52. Kg4 Re4 53. Kg5 Rxc4 54. Kf6 Kg8 55.
Rg7+ Kf8 56. Rb7 Rc2 57. Rb8#  1-0

[Event "British Chess Championships 2023: First Rapidplay Open"]
[Site "The Venue, De Montfort University, 20 Western Boulevard, Leicester, LE2 7BU"]
[Date "2023.07.21"]
[Round "4"]
[Board "8"]
[White "Gopakumar, Siddharth"]
[Black "Kueh, Audrey"]
[Result "0-1"]
[WhiteElo "1881"]
[BlackElo "2093"]
[PlyCount "0"]
[EventDate "2023.07.21"]
[EventRounds "7"]
[EventCountry "ENG"]

1. e4 c6 2. d4 d5 3. Nc3 dxe4 4. Nxe4 Bf5 5. Ng3 Bg6 6. h4 h6 7. h5 Bh7 8. Bd3 Bxd3
9. Qxd3 Nf6 10. Bd2 e6 11. Ne4 Nxe4 12. Qxe4 Qd5 13. Qxd5 cxd5 14. Bf4 Nc6 15. c3
Kd7 16. a4 Bd6 17. Ne2 Na5 18. Bxd6 Kxd6 19. Nf4 Nc4 20. Nd3 Rhb8 21. a5 b6 22. b3
Nxa5 23. b4 Nc4 24. Rh3 f6 25. Rg3 Rb7 26. f4 a5 27. bxa5 Rxa5 28. Rb1 Ra3 29. Nf2
Ra2 30. Ng4 Nd2 31. Rb4 Ne4 32. Re3 Rxg2  0-1

[Event "British Chess Championships 2023: First Rapidplay Open"]
[Site "The Venue, De Montfort University, 20 Western Boulevard, Leicester, LE2 7BU"]
[Date "2023.07.21"]
[Round "4"]
[Board "9"]
[White "Pilley, Jack"]
[Black "Masani, Matthew M"]
[Result "1-0"]
[WhiteElo "2037"]
[BlackElo "1862"]
[PlyCount "0"]
[EventDate "2023.07.21"]
[EventRounds "7"]
[EventCountry "ENG"]

1. e4 d5 2. exd5 Nf6 3. d4 Bg4 4. f3 Bf5 5. g4 Bg6 6. c4 e6 7. dxe6 Nc6 8. exf7+
Kxf7 9. Bd3 Bb4+ 10. Nc3 Re8+ 11. Kf1 Nxd4 12. Bxg6+ hxg6 13. a3 Bc5 14. b4 Be7 15.
Be3 c5 16. Bxd4 cxd4 17. Nce2 d3 18. Nf4 Qd4 19. Nfh3 a5 20. b5 Bc5 21. Rb1 Re5 22.
f4 Re3 23. Nf3 Rxf3+ 24. Qxf3 Qxc4 25. Qxb7+ Be7 26. Ng5+ Ke8 27. Qxa8+ Kd7 28. Qc6+
 1-0

[Event "British Chess Championships 2023: First Rapidplay Open"]
[Site "The Venue, De Montfort University, 20 Western Boulevard, Leicester, LE2 7BU"]
[Date "2023.07.21"]
[Round "4"]
[Board "10"]
[White "Khan, Mohammed"]
[Black "Wells, Tony D"]
[Result "1/2-1/2"]
[WhiteElo "1806"]
[BlackElo "2026"]
[PlyCount "0"]
[EventDate "2023.07.21"]
[EventRounds "7"]
[EventCountry "ENG"]

1. e4 e5 2. Bc4 Nc6 3. Nc3 Nf6 4. d3 Na5 5. Bb3 Nxb3 6. axb3 Bb4 7. f4 d5 8. fxe5
Ng4 9. Bd2 d4 10. Nd5 Bxd2+ 11. Qxd2 Be6 12. Nf4 O-O 13. Nf3 Ne3 14. h3 c5 15. Kf2
Qd7 16. Rhe1 f5 17. Rxe3 dxe3+ 18. Qxe3 fxe4 19. Nxe6 exf3 20. Nxf8 Rxf8 21. gxf3
Qxh3 22. Rg1 Qh4+ 23. Rg3 Qh2+ 24. Rg2 Qh4+ 25. Ke2 Qh1 26. Qg5 g6 27. e6 Qb1 28.
Kd2 Qxb2 29. e7 Re8 30. Qd5+ Kg7 31. Re2 b6 32. Qd7 Kf7 33. Re4 Qf6 34. Qd5+ Kg7
35. Qd7 Kf7 36. Qd5+ Kg7  1/2-1/2

[Event "British Chess Championships 2023: First Rapidplay Open"]
[Site "The Venue, De Montfort University, 20 Western Boulevard, Leicester, LE2 7BU"]
[Date "2023.07.21"]
[Round "4"]
[Board "11"]
[White "Ortiz Sanchez, Luis"]
[Black "Dayal, Samar"]
[Result "1/2-1/2"]
[WhiteElo "2018"]
[BlackElo "1676"]
[PlyCount "0"]
[EventDate "2023.07.21"]
[EventRounds "7"]
[EventCountry "ENG"]

1. d4 Nf6 2. Nf3 d6 3. Nc3 Nbd7 4. e4 e5 5. Be2 g6 6. dxe5 dxe5 7. O-O Bg7 8. h3
O-O 9. Be3 b6 10. Bb5 Bb7 11. Bg5 h6 12. Bxf6 Nxf6 13. Qe2 Qe7 14. Rfd1 Rad8 15.
a3 Nh5 16. g3 f5 17. Nh4 Qg5 18. Nf3 Qf6 19. Bc4+ Kh7 20. Nd5 Bxd5 21. Bxd5 c6 22.
Bc4 fxe4 23. Nh4 Nf4 24. gxf4 Qxh4 25. Qg4 Qxg4+ 26. hxg4 exf4 27. c3 f3 28. Bb3
c5 29. Rxd8 Rxd8 30. Rd1 Rf8 31. Rd7 Rf4 32. Be6 a5 33. Rb7 h5 34. g5 e3 35. fxe3
Re4 36. Bf7 Rg4+ 37. Kf2 Rxg5 38. Kxf3 Rf5+ 39. Kg2 Rf6 40. e4 Kh6 41. e5 Rf5 42.
e6 h4 43. Rxb6 Re5 44. b4 axb4 45. cxb4 cxb4 46. axb4 Kg5 47. e7 Rxe7 48. Rxg6+ Kf5
49. Rxg7 Kf6 50. Rh7 Rxf7 51. Rxh4 Rb7 52. Kf3 Ke5 53. Ke3 Kd5 54. Kd3 Rb8 55. Rh5+
Kc6 56. Kc4 Rg8 57. Rh6+ Kb7 58. Rh5 Rg6 59. b5 Rf6 60. Kc5 Rg6 61. Rh7+ Kb8 62.
Rf7 Rh6 63. Rf5 Kc7 64. b6+ Kb7 65. Rf7+ Kb8 66. Rd7 Rh1 67. Rd5 Kb7 68. Rd7+ Kb8
69. Rd4 Rc1+ 70. Kb5 Rb1+ 71. Kc6 Rc1+ 72. Kd5 Kb7 73. Rb4 Rc6  1/2-1/2

[Event "British Chess Championships 2023: First Rapidplay Open"]
[Site "The Venue, De Montfort University, 20 Western Boulevard, Leicester, LE2 7BU"]
[Date "2023.07.21"]
[Round "4"]
[Board "12"]
[White "Badacsonyi, Stanley"]
[Black "Vashisht-Pigem, Raman"]
[Result "1-0"]
[WhiteElo "2187"]
[BlackElo "1723"]
[PlyCount "0"]
[EventDate "2023.07.21"]
[EventRounds "7"]
[EventCountry "ENG"]

1. d4 Nf6 2. Bg5 g6 3. Bxf6 exf6 4. c4 Bg7 5. Nc3 O-O 6. e3 f5 7. g3 d6 8. Bg2 c5
9. Nge2 Nc6 10. O-O Rb8 11. Qd2 Re8 12. Rfd1 Qa5 13. Nb5 Qxd2 14. Rxd2 Bf8 15. Rad1
Nb4 16. dxc5 dxc5 17. a3 a6 18. Nd6 Bxd6 19. Rxd6 Nc6 20. Bxc6 bxc6 21. R1d2 Rb6
22. Nc3 Be6 23. Na4 Rbb8 24. Nxc5 Rb6 25. Nxe6 Rxe6 26. Rxe6 fxe6 27. b4 c5 28. bxc5
Rc6 29. Rd6 Rxc5 30. Rxe6 a5 31. Ra6 Kf7 32. Kf1 g5 33. Ke2 f4 34. Kd3 fxe3 35. fxe3
Rf5 36. Kd4 h5 37. e4 Rf2 38. Rxa5 Rxh2 39. Rxg5 Kf6 40. Rf5+ Ke6 41. a4 Rd2+ 42.
Ke3 Ra2 43. a5 Ra3+ 44. Kd4 Rxg3 45. Rxh5 Ra3 46. Rh6+ Ke7 47. a6 Ra1 48. Kd5 Rd1+
49. Ke5  1-0

[Event "British Chess Championships 2023: First Rapidplay Open"]
[Site "The Venue, De Montfort University, 20 Western Boulevard, Leicester, LE2 7BU"]
[Date "2023.07.21"]
[Round "4"]
[Board "13"]
[White "Agrawal, Shivam"]
[Black "Moore, Gerald"]
[Result "1-0"]
[WhiteElo "1998"]
[BlackElo "2119"]
[PlyCount "0"]
[EventDate "2023.07.21"]
[EventRounds "7"]
[EventCountry "ENG"]

1. d4 f5 2. c4 Nf6 3. Nc3 d6 4. g3 g6 5. Bg2 Bg7 6. Nf3 O-O 7. b4 e5 8. dxe5 dxe5
9. Qb3 c6 10. c5+ Kh8 11. O-O Qe7 12. Bb2 e4 13. Nd4 a5 14. a3 Na6 15. e3 Re8 16.
Rfd1 Ng4 17. Na4 Ne5 18. Nb6 Rb8 19. Nc4 Be6 20. Nxe6 Qxe6 21. Nxa5 Qxb3 22. Nxb3
Nf3+ 23. Bxf3 Bxb2 24. Ra2 Bxa3 25. Rxa3 exf3 26. Rd4 Rbd8 27. Rxd8 Rxd8 28. Nd4
Nxb4 29. Rb3 Na6 30. Rxb7 Nxc5 31. Rb6 Ra8 32. Nxf3 Ne4 33. Rxc6 Ra2 34. Nd4 Rxf2
35. Ne6 Kg8 36. Rc8+ Kf7 37. Ng5+  1-0

[Event "British Chess Championships 2023: First Rapidplay Open"]
[Site "The Venue, De Montfort University, 20 Western Boulevard, Leicester, LE2 7BU"]
[Date "2023.07.21"]
[Round "4"]
[Board "14"]
[White "Talbot, Mark A"]
[Black "Graff, Ben"]
[Result "1-0"]
[WhiteElo "2058"]
[BlackElo "1780"]
[PlyCount "0"]
[EventDate "2023.07.21"]
[EventRounds "7"]
[EventCountry "ENG"]

1. d4 d5 2. Bf4 Nf6 3. e3 c5 4. c3 Nc6 5. Bd3 Qb6 6. Qb3 c4 7. Qxb6 axb6 8. Bc2 b5
9. Nd2 e6 10. Ngf3 b4 11. O-O Be7 12. e4 O-O 13. Rfe1 Re8 14. Bg5 Bd7 15. Ne5 Nxe5
16. dxe5 Nh5 17. Bxe7 Rxe7 18. cxb4 b5 19. a3 d4 20. g3 g6 21. Rad1 Bc6 22. Nxc4
bxc4 23. Rxd4 Bb5 24. Bd1 Ng7 25. Be2 Rc8 26. b3 Rd7 27. Rxd7 Bxd7 28. Bxc4 Ne8 29.
b5 Rc5 30. a4 Rxe5 31. Rd1 Nf6 32. f3 Kf8 33. b6 Bc6 34. Ba6 Ke7 35. b7 Bxb7 36.
Bxb7 Rc5 37. Ba6 Rc3 38. Bc4 Rxf3 39. a5 Nd7 40. a6 Nb6 41. a7 Re3 42. Ra1 Rxe4 43.
a8=Q Nxa8 44. Rxa8 Rd4 45. Ra7+ Kf6 46. Rc7 Rd6 47. b4 Rb6 48. b5 h6 49. Rc6 Rb7
50. b6 Ke5 51. Ba6 Rb8 52. b7 Rd8 53. Rc8 Kd5  1-0

[Event "British Chess Championships 2023: First Rapidplay Open"]
[Site "The Venue, De Montfort University, 20 Western Boulevard, Leicester, LE2 7BU"]
[Date "2023.07.21"]
[Round "4"]
[Board "15"]
[White "Patel, Rishi"]
[Black "Reid, Patrick D"]
[Result "1/2-1/2"]
[WhiteElo "1733"]
[BlackElo "1831"]
[PlyCount "0"]
[EventDate "2023.07.21"]
[EventRounds "7"]
[EventCountry "ENG"]

1. e4 e6 2. Nc3 d5 3. d4 Bb4 4. Bd3 dxe4 5. Bxe4 Nf6 6. Bf3 O-O 7. Nge2 Nbd7 8. O-O
Re8 9. Bg5 h6 10. Bh4 Be7 11. Bg3 c6 12. Nf4 e5 13. Nfe2 Bf8 14. d5 e4 15. Nxe4 Nxe4
16. dxc6 bxc6 17. Nd4 Qb6 18. Re1 Ndf6 19. Nb3 Bf5 20. c3 Rad8 21. Qc1 Nxg3 22. hxg3
Bc5 23. Nxc5 Qxc5 24. Qf4 Bg6 25. Rad1 Rxe1+ 26. Rxe1 Qb6 27. b3 Kf8 28. c4 Qb8 29.
Qe3 Qc7 30. Qc5+ Qd6 31. Qxa7 Bh5 32. Bxc6 Rc8 33. Bb5 Qd2 34. Qe3 Qxa2 35. Ba4 Kg8
36. f3 Rd8 37. Re2 Rd1+ 38. Re1 Rd2 39. Kf1 Rxg2 40. Re2 Rxe2 41. Qxe2 Qb1+ 42. Kf2
Qf5 43. Kg2 Bg6 44. Bc6 Qc2 45. Qxc2 Bxc2 46. b4 Kf8 47. Kf2 Ke7 48. Ke3 Kd6 49.
Ba8 Nd7 50. Kd4 Nb6 51. c5+ Kc7 52. cxb6+ Kxb6 53. Bd5 f6 54. Bc4 Bd1 55. f4 g5 56.
fxg5 fxg5 57. Ke5 h5 58. Kf5 h4 59. gxh4 gxh4 60. Bf1 h3 61. Bxh3 Kb5  1/2-1/2

[Event "British Chess Championships 2023: First Rapidplay Open"]
[Site "The Venue, De Montfort University, 20 Western Boulevard, Leicester, LE2 7BU"]
[Date "2023.07.21"]
[Round "4"]
[Board "16"]
[White "Brewer, Callum D"]
[Black "Subin, Samvrit"]
[Result "1-0"]
[WhiteElo "2071"]
[BlackElo "1704"]
[PlyCount "0"]
[EventDate "2023.07.21"]
[EventRounds "7"]
[EventCountry "ENG"]

1. e4 c5 2. c3 Nf6 3. e5 Nd5 4. d4 cxd4 5. Nf3 Nc6 6. cxd4 d6 7. Bc4 Nb6 8. Bb3 dxe5
9. d5 Nd4 10. Nxd4 exd4 11. Qxd4 e6 12. Nc3 exd5 13. O-O Be6 14. Re1 Qd7 15. a4 Nc4
16. a5 Be7 17. Ba4  1-0

[Event "British Chess Championships 2023: First Rapidplay Open"]
[Site "The Venue, De Montfort University, 20 Western Boulevard, Leicester, LE2 7BU"]
[Date "2023.07.21"]
[Round "4"]
[Board "17"]
[White "Mandnikar, Atreya"]
[Black "Bartram, William"]
[Result "0-1"]
[WhiteElo "1692"]
[BlackElo "1932"]
[PlyCount "0"]
[EventDate "2023.07.21"]
[EventRounds "7"]
[EventCountry "ENG"]

1. e4 c5 2. c3 Nf6 3. e5 Nd5 4. d4 cxd4 5. Nf3 Nc6 6. cxd4 d6 7. Bc4 Nb6 8. Bb3 dxe5
9. dxe5 Qxd1+ 10. Bxd1 Bf5 11. O-O e6 12. Nc3 O-O-O 13. Bg5 Rd7 14. Rc1 Nc4 15. Nb5
Bd3 16. Re1 Bb4 17. Bb3 Bxe1 18. Nxe1 N4xe5 19. Nxa7+ Kb8 20. Nxc6+ Nxc6 21. Rd1
f6 22. Bxe6 Re7 23. Bf4+ Ka8 24. Rxd3 Rxe6 25. Ra3+ Na7 26. Nf3 Rd8 27. h3 Ra6 28.
Rxa6 bxa6 29. Kf1 Rd1+ 30. Ke2 Rb1 31. a3 Rxb2+ 32. Bd2 Nb5 33. a4 Nc3+ 34. Kd3 Nxa4
35. Nd4 Rb7 36. Nf5 Nb2+ 37. Kc2 Nc4 38. Bc3 a5 39. g4 a4 40. Nd4 a3 41. Nb3 a2 42.
Ba1 Re7 43. Kc3 Nd6 44. Nc1 Re1 45. Kb2 Nc4+ 46. Kc2 Rf1 47. Bd4 Rxf2+ 48. Kc3  0-1